Statistics for Doctor Who Actors

Click here to take the quiz!

General Stats

  • This quiz has been taken 6,107 times
    (4,295 since last reset)
  • The average score is 9 of 13

Answer Stats

# Actor % Correct
10David Tennant
93%
11Matt Smith
90%
12Peter Capaldi
83%
4Tom Baker
82%
9Christopher Eccleston
80%
6Colin Baker
75%
3Jon Pertwee
68%
5Peter Davison
65%
1William Hartnell
64%
7Sylvester McCoy
64%
13Jodie Whittaker
63%
2Patrick Troughton
57%
8Paul McGann
54%

Score Distribution

Percentile by Number Answered

Percent of People with Each Score

Your Score History

You have not taken this quiz since the last reset